Türkiye'de din politikaları ve din-siyaset ilişkisi : (Record no. 15298)
[ view plain ]
| 000 -BAŞLIK | |
|---|---|
| Sabit Uzunlukta Kontrol Alanı | 00997nam a22002657a 4500 |
| 999 ## - SİSTEM KONTROL NUMARALARI (KOHA) | |
| Koha Biblionumber | 15298 |
| Koha Biblioitemnumber | 15298 |
| 003 - KONTROL NUMARASI IDENTIFIER | |
| Denetim Alanı | MIRAKIL |
| 005 - SON İŞLEM TARİHİ VE ZAMANI | |
| Denetim Alanı | 20240206165126.0 |
| 008 - SABİT-BOY VERİ ELEMANLARI - GENEL BİLGİLER | |
| Sabit Uzunlukta Kontrol Alanı | 240206b tu ||||| |||| 00| 0 tur d |
| 020 ## - ULUSLARARASI STANDART KİTAP NUMARASI | |
| Uluslararası Standart Kitap Numarası | 9786051556963 |
| 040 ## - KATALOGLAMA KAYNAK | |
| Orijinal Kataloglama Ajansı | TR-AnCHP |
| Metne Dönüştürmek Ajansı | TR-AnCHP |
| 041 ## - DİL KODU | |
| Metin / Ses Parça Veya Ayrı Başlığın Dil Kodu | Türkçe |
| 082 ## - DEWEY ONLU SINIFLANDIRMA NUMARASI | |
| Sınıflandırma Numarası | 322.109561 |
| Ürün Numarası | A73T 2018 |
| 090 ## - SINIFLAMA NUMARASI | |
| Sınıflama Numarası | 322.109561 A73T 2018 |
| 100 ## - ANA GİRİŞ - KİŞİSEL İSİM | |
| Kişisel Ad | Ateş, Sinan |
| 245 10 - BAŞLIK TABLOSU | |
| Başlık | Türkiye'de din politikaları ve din-siyaset ilişkisi : |
| Başlığın Kalan | (Cumhuriyet döneminde din politikaları ve din-siyaset ilişkisi) / |
| Sorumluluk Tablosu, Vb | Sinan Ateş ; editör: Ayşe Büşra Çalık |
| 260 ## - YAYIN, DAĞITIM, VB | |
| Yayın, Dağıtım, Vb Yeri | İstanbul |
| Yayıncı, Dağıtıcı, Vs Adı | Ötüken Neşriyat, |
| Yayın, Dağıtım, Vb Tarihi | 2018 |
| Üretici Firma | (GD Ofset Matbaacılık) |
| 300 ## - FİZİKSEL TANIM | |
| Kapsam | 296 s. ; |
| Boyutlar | 21 cm. |
| 490 0# - SERİSİ TABLOSU | |
| Seri Beyanı | Ötüken Neşriyat ; |
| Hacim / Ardışık Tanımı | 1315 |
| 490 0# - SERİSİ TABLOSU | |
| Seri Beyanı | Kültür serisi ; |
| Hacim / Ardışık Tanımı | 764 |
| 504 ## - KAYNAKÇA VB NOT | |
| Kaynakça Vb Notu | Kaynakça: 282-296. ss.<br/> |
| 650 #0 - KONU KATMA GİRİŞ - TOPİKAL DÖNEM | |
| 9 (RLIN) | 5876 |
| Topikal Süreli Veya Coğrafi Ad Giriş Elemanı | Siyaset ve din |
| Coğrafi Alt Bölümü | Türkiye |
| 650 #0 - KONU KATMA GİRİŞ - TOPİKAL DÖNEM | |
| 9 (RLIN) | 7457 |
| Topikal Süreli Veya Coğrafi Ad Giriş Elemanı | Din Politikaları |
| Coğrafi Alt Bölümü | Türkiye |
| 856 ## - ELEKTRONİK YER VE ERİŞİM | |
| Kamu Notu | Dijital Nüshası için Partimizin Kütüphane Sorumlusu ile iletişime geçiniz. |
| 942 ## - EKLENDİ GİRİŞ ELEMANLARI (KOHA) | |
| Sınıflandırma Veya Raf Düzeni Kaynak | Dewey Decimal Classification |
| Koha Öğesi Türü | Books |
| Kalıcı Konum | Mevcut Konum | Edinme Tarihi | Toplam Check-Out'Lar | Tam Çağrı Numarası | Barkod | Tarih Son Görülme | İtibaren Geçerli Fiyatlar | Koha Öğesi Türü |
|---|---|---|---|---|---|---|---|---|
| CHP Kütüphanesi | CHP Kütüphanesi | 02/06/2024 | 322.109561 A73T 2018 | 20887 | 02/06/2024 | 02/06/2024 | Books |
